书目信息 |
| 题名: |
实证教育方法
|
|
| 作者: | 马洛特 , 莫兰 著 ;肖艳 , 邵冉 译 | |
| 分册: | ||
| 出版信息: | 北京 中国轻工业出版社 2006 |
|
| 页数: | 319页 | |
| 开本: | 24cm | |
| 丛书名: | ||
| 单 册: | ||
| 中图分类: | G424.1 | |
| 科图分类: | ||
| 主题词: | 教学法--研究 , 教学法 | |
| 电子资源: | ||
| ISBN: | 7-5019-5551-4 | |
| 000 | 01245nam0 2200325 450 | |
| 000 | 01265nam0 2200325 450 | |
| 000 | 01196nam0 2200301 450 | |
| 000 | 01160oam2 2200289 45 | |
| 005 | 20070727112336.91 | |
| 010 | @a7-5019-5551-4@dCNY35.00 | |
| 100 | @a20070706d2006 em y0chiy0120 ea | |
| 101 | 0 | @achi@ceng |
| 102 | @aCN@b110000 | |
| 105 | @ay z 000yy | |
| 200 | 1 | @a实证教育方法@AShi Zheng Jiao Yu Fang Fa@dEvidence-based educational methods@f(美)Daniel J. Moran,(美)Richard W. Malott著@F( Mei )Daniel J. Moran,( Mei )Richard W. Malott Zhu@g肖艳,邵冉译@zeng |
| 210 | @a北京@c中国轻工业出版社@d2006 | |
| 215 | @a319页@d24cm | |
| 300 | @a万千教育 | |
| 305 | @a由中国轻工业出版社和Elsevier(Singapore)Pte Ltd.合作出版 | |
| 330 | @a本书从教育的实际问题出发,介绍了主要的教学方法,并引入教学模式,展示了一个较为完整的教学方法体系。 | |
| 510 | 1 | @aEvidence-based educational methods@zeng |
| 606 | 0 | @a教学法@x研究 |
| 606 | 0 | @a教学法 |
| 690 | @aG424.1@v4 | |
| 701 | 1 | @c(美)@a马洛特@AMa Luo Te@g(Malott, Richard W.)@4著 |
| 701 | 1 | @c(美)@a莫兰@AMo Lan@g(Moran, Daniel J.)@4著 |
| 702 | 0 | @a肖艳@AXiao Yan@c(翻译)@4译 |
| 702 | 0 | @a邵冉@AShao Ran@4译 |
| 801 | 0 | @aCN@bTAOJIN@c20070727 |
| 905 | @a10447@dG424.1@e193 | |
| 实证教育方法=Evidence-based educational methods/(美)Daniel J. Moran,(美)Richard W. Malott著/肖艳,邵冉译.-北京:中国轻工业出版社,2006 |
| 319页;24cm |
| 万千教育 |
| ISBN 7-5019-5551-4:CNY35.00 |
| 本书从教育的实际问题出发,介绍了主要的教学方法,并引入教学模式,展示了一个较为完整的教学方法体系。 |
| ● |
| 相关链接 |
|
|
|
|
正题名:实证教育方法
索取号:G424.1/193
 
预约/预借
| 序号 | 登录号 | 条形码 | 馆藏地/架位号 | 状态 | 备注 |
| 1 | 0820800 | 208208009 | 第一样本阅览室/ [索取号:G424.1/193] | 在馆 | |
| 2 | 0820801 | 208208018 | 第四借阅区/ [索取号:G424.1/193] | 在馆 | |
| 3 | 0820802 | 208208027 | 第四借阅区/ [索取号:G424.1/193] | 在馆 | |
| 4 | 0820803 | 208208036 | 第四借阅区/ [索取号:G424.1/193] | 在馆 | |
| 5 | 0820804 | 208208045 | 第四借阅区/ [索取号:G424.1/193] | 在馆 |